00623nas a2200193 a 4500001001000000003000400010005001700014008004100031040002500072043000900097130002300106245002400129260006200153300002400215310001400239362004200253500005700295651007700352000037946DLC20201002031136.0130311c20129999dr r1p d 0 0spa d aDO-SdBNPbspacBNPHU anwdr0 aLa lupa sin trabas00aLa lupa sin trabas. aSanto Domingo :bGrupo Editorial Nueva Crónica,c2012-. av.-:ail. ;c27 cm. aQuincenal1 aInicia con: No. 1 (8 de agosto 2012). aDescripción basada en: No. 1 (8 de agosto de 2012) 4aRepública DominicanaxCondiciones SocialesvPUBLICACIONES PERIÓDICAS